|
|
|
|
| LEADER |
00000nam a2200000 a 4500 |
| 001 |
vtls008633213 |
| 003 |
SK-MaSNL |
| 005 |
20260301021614.0 |
| 008 |
250414s2005 xo odl f 000 0 slo |
| 015 |
|
|
|a SNBA2006/03-01706
|
| 020 |
|
|
|a 8089197353 (brož.)
|
| 035 |
|
|
|a ed3b1d2c-4340-4ea4-a0ec-996adf28bc90
|
| 035 |
|
|
|a urn:nbn:sk:snk-amjroa
|
| 035 |
|
|
|a urn:nbn:sk:snk:ar-008ud8
|
| 040 |
|
|
|a SNK
|b slo
|c SNK
|e AACR2
|
| 041 |
0 |
|
|a slo
|a cze
|
| 044 |
|
|
|a xo
|c SK
|
| 072 |
|
7 |
|a 797
|x Vodné športy. Letecké športy
|2 konspekt
|
| 245 |
0 |
0 |
|a Štruktúra pohybových aktivít vo vodnom prostredí a ich účinnosť
|b zborník referátov prednesených na IX. ročníku vedeckého seminára s medzinárodnou účasťou
|c [zostavili: Yvetta Macejková, Ľubomíra Benčúriková]
|
| 250 |
|
|
|a [1. vyd.]
|
| 260 |
|
|
|a Bratislava
|b Peter Mačura - PEEM
|c 2005
|
| 300 |
|
|
|a 128 s.
|b grafy, fotogr., tab.
|c 21 cm
|
| 504 |
|
|
|a Bibliogr. odkazy
|
| 506 |
|
|
|a 50 výtl.
|
| 546 |
|
|
|a Čiast. text čes.
|
| 650 |
0 |
7 |
|a plávanie
|2 SNKPH
|9 3241
|
| 650 |
0 |
7 |
|a plavecký výcvik
|2 SNKPH
|9 71417
|
| 650 |
0 |
7 |
|a plavecké štýly
|2 SNKPH
|9 84523
|
| 655 |
|
7 |
|a zborníky konferencií
|2 SNKPH
|9 70153
|
| 655 |
|
7 |
|a issue_zb
|2 SNK
|9 276493
|
| 700 |
1 |
|
|a Macejková, Yvetta,
|d 1950-
|4 com
|9 224784
|
| 700 |
1 |
|
|a Benčuriková, Ľubomíra,
|d 1957-
|4 com
|9 20542
|
| 852 |
|
|
|a Slovenská národná knižnica
|
| 919 |
|
|
|a 80-89197-35-3
|
| 954 |
|
|
|a odborná, vedecká literatúra pôvodná (slovenská)
|2 lita
|
| 954 |
|
|
|a odborná, vedecká literatúra cudzojazyčná (svetová)
|2 lita
|
| 958 |
|
|
|a ART
|
| 958 |
|
|
|a OND
|
| 999 |
|
|
|c 565702
|d 567632
|
| 952 |
|
|
|a SNK
|b SNK
|y PREZ
|7 0
|p 17A0503236
|o snkSC 123158
|i snk2006/6053
|8 0
|0 0
|1 0
|4 0
|d 2006-03-21
|l 0
|r 2025-06-04 00:00:00
|w 2026-02-23
|
| 952 |
|
|
|a SNK
|b SNK
|y VYP
|7 0
|p 17A0503237
|o snkSC 123158 D1
|i snk2006/6054
|8 0
|0 0
|1 0
|4 0
|d 2006-03-21
|l 0
|r 2026-02-23 13:56:53
|w 2026-02-23
|